Богаче Романовых?.. (Запись № 1649414)

Подробности
000 -МАРКЕР
контрольное поле 01428nam0a2200361 4500
001 - ИДЕНТИФИКАТОР ЗАПИСИ
контрольное поле RU\NLR\bibl\1193142
005 - ИДЕНТИФИКАТОР ВЕРСИИ
контрольное поле 20260406070015.0
010 ## - МЕЖДУНАРОДНЫЙ СТАНДАРТНЫЙ НОМЕР КНИГИ (ISBN)
Номер (ISBN) 5-94216-015-5
035 ## - ДРУГИЕ СИСТЕМНЫЕ НОМЕРА
Идентификатор записи (NLR Aleph) 001179681
035 ## - ДРУГИЕ СИСТЕМНЫЕ НОМЕРА
Идентификатор записи (nilc)EL/0000174883
035 ## - ДРУГИЕ СИСТЕМНЫЕ НОМЕРА
Идентификатор записи RSLA\BIBL\0000078344
100 ## - ДАННЫЕ ОБЩЕЙ ОБРАБОТКИ
Данные общей обработки 20080121d2006 |||y0rusy50 ca
101 0# - ЯЗЫК РЕСУРСА
Язык текста, звукозаписи и т.д. русский
102 ## - СТРАНА ПУБЛИКАЦИИ ИЛИ ПРОИЗВОДСТВА
Страна публикации Российская Федерация
105 ## - ПОЛЕ КОДИРОВАННЫХ ДАННЫХ: ТЕКСТОВЫЕ МАТЕРИАЛЫ, МОНОГРАФИЧЕСКИЕ
Кодированные данные о монографическом текстовом документе ach z |||||
200 1# - ЗАГЛАВИЕ И СВЕДЕНИЯ ОБ ОТВЕТСТВЕННОСТИ
Основное заглавие Богаче Романовых?..
Сведения, относящиеся к заглавию о богатстве князей Юсуповых
Первые сведения об ответственности Н.В. Кукурузова
210 ## - ПУБЛИКАЦИЯ, РАСПРОСТРАНЕНИЕ И ДР.
Место издания, распространения и т.д. Санкт-Петербург
Имя издателя, распространителя и т. д. Юсуповский дворец (СПб ДКРП)
Дата издания, распространения и т.д. 2006
215 ## - ФИЗИЧЕСКАЯ ХАРАКТЕРИСТИКА
Специфическое обозначение материала и объем 127 с.
Другие сведения о физической характеристике ил., цв. ил., портр., факс.
Размеры 25
225 1# - СЕРИЯ
Основное заглавие серии Тайны старинной усадьбы
300 ## - ОБЩИЕ ПРИМЕЧАНИЯ
Текст примечания На 4-й с. обл. авт.: д.э.н. Н.В. Кукурузова
320 ## - ПРИМЕЧАНИЯ О НАЛИЧИИ В ДОКУМЕНТЕ БИБЛИОГРАФИИ / УКАЗАТЕЛЯ
Текст примечания Библиогр. в примеч.: с. 122-126
602 ## - РОДОВОЕ ИМЯ КАК ПРЕДМЕТ
Начальный элемент ввода Юсуповы (род)
-- 1501558
Идентификатор авторитетной/нормативной записи RU\NLR\auth\66651005
686 ## - ИНДЕКСЫ ДРУГИХ КЛАССИФИКАЦИЙ
Индекс Т214(2)0-21
700 #1 - ИМЯ ЛИЦА - ПЕРВИЧНАЯ ОТВЕТСТВЕННОСТЬ
Код отношения Автор
Материалы, к которым относится поле rus
Графика поля Кириллица
Начальный элемент ввода Кукурузова
Часть имени, кроме начального элемента ввода Н. В.
Даты 1947-
Расширение инициалов личного имени Нина Васильевна
Идентификатор авторитетной/нормативной записи RU\NLR\auth\7762921
Системный номер авторитетной/нормативной записи 45851
722 ## - РОДОВОЕ ИМЯ - ВТОРИЧНАЯ ОТВЕТСТВЕННОСТЬ
Код отношения Прочие
Материалы, к которым относится поле rus
Начальный элемент ввода Юсуповы (род)
Графика поля Кириллица
Идентификатор авторитетной/нормативной записи RU\NLR\AUTH\7715387
Системный номер авторитетной/нормативной записи 125041
801 #0 - ИСТОЧНИК ЗАПИСИ
Страна Российская Федерация
Организация РГБИ
Дата составления 20080121
Правила каталогизации rcr
801 #1 - ИСТОЧНИК ЗАПИСИ
Страна Российская Федерация
Организация РГБИ
Дата составления 20080121
801 #2 - ИСТОЧНИК ЗАПИСИ
Страна Российская Федерация
Организация NLR
Дата составления 20080226
Правила каталогизации rcr
942 ## - ДОПОЛНИТЕЛЬНЫЕ ЭЛЕМЕНТЫ ЗАПИСИ (АБИС)
Тип экземпляра АБИС Книга
980 ## - КОЛЛЕКЦИЯ
Название коллекции Национальная библиография
Экземпляры
Тип экземпляра Дата поступления Источник поступления Стоимость Библиотека постоянного хранения Библиотека текущего хранения Место хранения Шифр хранения Штрих-код Статус экземпляра
Книга 26.02.2008 Покупка 420.00 РНБ (Московский) РНБ (Московский) Русский книжный фонд: издания с 1957 года 2008-7/1039 1-379207  
Книга 16.02.2009 Дар   РНБ (Московский) РНБ (Московский) Русский книжный фонд: издания с 1957 года 2008-7/1039 1-669324  
Книга 06.02.2024 Дар 400.00 РНБ (Московский) РНБ (Московский) Резервный фонд (З) 2008-7/1039 1-4445203 Доставлен в Фoнд
Книга 26.02.2008 Покупка 420.00 РНБ (Садовая) РНБ (Садовая) Универсальный читальный зал У Т214(2)/К-899 1-95615